| 000 | 00696nam a2200181 a 4500 | ||
|---|---|---|---|
| 008 | 120416s2004 ||||||||||||||||| || u | ||
| 050 | _aIBRD(08) | ||
| 100 | _aCanton, Erik | ||
| 245 | 1 | 0 | _aCan students loans improve accessibility to higher education and student performance? |
| 246 | _aan impact study of the case of SOFES, Mexico | ||
| 260 |
_aWashington, D. C. _bWorld Bank _c2004 |
||
| 300 | _a43p. : ill | ||
| 350 | _a0.00 | ||
| 490 | _aPolicy Research Working Paper | ||
| 650 | _aSTUDENT LOANS | ||
| 650 | _aEDUCATION, HIGHER--MEXICO | ||
| 995 |
_D0.00 _FCBU-MAIN LIBRARY (Kitwe) _H1 _I0.00 _UAVAILABLE _ZInternational Publications |
||
| 999 |
_c36663 _d36663 |
||